000 005770000a22001810004500
003 MACL
005 20160120134037.0
008 160120b xxu||||| |||| 00| 0 eng d
040 _aMACL
_cMACL
041 _aHindi
082 _a332.76/GUP
100 _aगूप्‍ता एच. पी
_933629
245 _aपरक्राम्‍य लिखत अधिनियम
260 _bसेट्रल लॉ पब्लिकेशन्‍स
_c1995
_aइलााहाबाद
350 _a22
650 _aEconomics
_933640
942 _cHIN
_k332.76 /GUP
_2ddc
999 _c30787
_d30787